000 00360nam a22001337a 4500
020 _a9789699489006
082 _a823.092
_bSYE
100 _aSyed, Javaid Iqbal
245 _aNo Qualms:
_b'a real life story' /
_cJavaid Iqbal Syed
260 _aRawalpindi :
_bRoohani Arts Press,
_c2011.
300 _a373p. ;
_c20 cm.
563 _aPBK.
942 _2ddc
_cBK
999 _c589263
_d589263